Whales / (Record no. 881)

MARC details
000 -LEADER
fixed length control field 00710cam a2200253 a 4500
005 - DATE AND TIME OF LATEST TRANSACTION
control field 20230908135642.0
020 ## - INTERNATIONAL STANDARD BOOK NUMBER
International Standard Book Number 9780823410309
040 ## - CATALOGING SOURCE
Original cataloging agency DLC
Transcribing agency DLC
Modifying agency DLC
Language of cataloging eng
050 00 - LIBRARY OF CONGRESS CALL NUMBER
Classification number QL737.C4
Item number G37 1991
082 00 - DEWEY DECIMAL CLASSIFICATION NUMBER
Classification number 599.5
Edition number 20
100 1# - MAIN ENTRY--PERSONAL NAME
Personal name Gibbons, Gail.
245 10 - TITLE STATEMENT
Title Whales /
Statement of responsibility, etc. by Gail Gibbons.
260 ## - PUBLICATION, DISTRIBUTION, ETC.
Place of publication, distribution, etc. New York :
Name of publisher, distributor, etc. Holiday House,
Date of publication, distribution, etc. 1991.
300 ## - PHYSICAL DESCRIPTION
Extent 30 unnumbered pages
Other physical details color illustrations, maps ;
Dimensions 21 cm
505 ## - FORMATTED CONTENTS NOTE
Formatted contents note N <br/>
520 ## - SUMMARY, ETC.
Summary, etc. Introduces different kinds of whales.
521 ## - TARGET AUDIENCE NOTE
Target audience note 590 <br/>
Source Lexile <br/>
521 ## - TARGET AUDIENCE NOTE
Target audience note 590 <br/>
Source Raz-Plus <br/>
650 #0 - SUBJECT ADDED ENTRY--TOPICAL TERM
Topical term or geographic name entry element Whales
General subdivision Non-fiction.
650 #1 - SUBJECT ADDED ENTRY--TOPICAL TERM
Topical term or geographic name entry element Whales.
906 ## - LOCAL DATA ELEMENT F, LDF (RLIN)
a 7
b cbc
c orignew
d 1
e ocip
f 19
g y-gencatlg
942 ## - ADDED ENTRY ELEMENTS (KOHA)
Source of classification or shelving scheme Dewey Decimal Classification
Koha item type Books
Suppress in OPAC No
999 ## -
-- 881
-- 881
Holdings
Withdrawn status Lost status Source of classification or shelving scheme Damaged status Not for loan Collection Home library Current library Shelving location Date acquired Total Checkouts Full call number Barcode Date last seen Date last checked out Price effective from Koha item type
    Dewey Decimal Classification     Non-Fiction Footprints International School Library Network Toul Kork Campus Footprints International School Library Network Toul Kork Campus   07/13/2023 4 GIB 599.5 QL737.C4 FIS01511 03/25/2024 03/19/2024 07/13/2023 Books